000 00351nam a2200121Ia 4500
005 20260326100033.0
008 260326s9999||||xx |||||||||||||| ||und||
100 _aOrtega Ricaute,Carmen
245 0 _aDiccionario de artistas en Colombia /
_cCarmen Ortega Ricaute
260 _bTercer Mundo Editores
650 _aDICCIONARIOS-ENCICLOPEDIAS
942 _cBK
999 _c6688
_d6688